| 000 | 00741nam a2200241Ia 4500 | ||
|---|---|---|---|
| 003 | OSt | ||
| 005 | 20221005130657.0 | ||
| 006 | a|||||r|||| 00| 0 | ||
| 007 | ta | ||
| 008 | 221004b |||||||| |||| 00| 0 eng d | ||
| 024 | _a44087 | ||
| 037 | _cTextual | ||
| 040 |
_aCRL _cCRL _beng |
||
| 041 |
_2eng _aeng |
||
| 082 | _aO15:9xH35:1, A close sec | ||
| 100 |
_aViswanatha Kaviraja _9634918 |
||
| 245 | 0 |
_aSahitya darpana or Mirror of composition _b Treatise on literary criticism tr into English by James R Ballantyne |
|
| 260 | _c1870 | ||
| 650 | _a ENGLISH LITERATURE | ||
| 650 | _aSANSKRIT LITERATURE | ||
| 942 |
_hO15:9xH35:1, A close sec _cTEXL _2cc |
||
| 999 |
_c1058002 _d1058002 |
||